| 000 | 00726cam a22002411a 4500 | ||
|---|---|---|---|
| 001 | 74733 | ||
| 003 | BD-RjUL | ||
| 005 | 20211209082608.0 | ||
| 008 | 140129s1975 n i 001 0 eng | ||
| 035 | _a(BD-RjUL)74951 | ||
| 035 | _a(OCoLC)4634781 | ||
| 040 |
_aDLC _cNcRS _dNcRS _dOCoLC _dUk _dDNAL _dDLC _dBD-RjUL _beng |
||
| 041 | _aeng | ||
| 082 |
_a808.1 _bCLW 1975 _223 |
||
| 100 |
_aClayes, Stanley A. _991430 |
||
| 245 |
_aWays to poetry / _cStanley A. Clayes , John Gerrietts |
||
| 260 |
_aNewYork: _bHarcourt bruce Jovanovich, _c1975 |
||
| 300 |
_axxii, 378 p. ; _c21 cm |
||
| 504 | _aIncludes bibliographical references and index. | ||
| 650 |
_apoetry _9225291 |
||
| 700 |
_aGerrietts, John _9225292 |
||
| 942 |
_2ddc _cBK |
||
| 999 |
_c74733 _d74733 |
||